| 000 | 00483nam a2200169Ia 4500 | ||
|---|---|---|---|
| 003 | IN-BaIIA | ||
| 008 | 211028s9999 xx 000 0 eng d | ||
| 040 | _cIIA Library | ||
| 080 |
_a621.396 _bLEW |
||
| 100 |
_aLewis, E J G _92243 |
||
| 245 | 0 |
_aRadio servicing equipment _cE J G Lewis |
|
| 260 |
_aLondon _bChapman and Hall _c1950 |
||
| 300 | _a371p. | ||
| 650 | _aNASA Thesaurus | ||
| 650 |
_aRadio Engineering _91656 |
||
| 942 | _cBK | ||
| 999 |
_c1041 _d1041 |
||